000 00792nam a2200265 i 4500
001 C2-0312437
003 PPAK
005 20180728104154.0
008 111005s2011 my a|||| ||||| | may d
020 _a9789830687339
040 _aPPAK
_beng
_cPPAK
_erda
082 0 4 _a510
_223
090 0 0 _a510
_bSHA
_dK
100 1 _aShaskan, Trisha Speed,
_eauthor
245 1 0 _aJika kamu ialah tanda bahagi
264 1 _aKuala Lumpur :
_bInstitut Terjemahan Negara Malaysia ,
_c2011
300 _a24 pages :
_bcolour illustrations ;
_c22 cm
336 _2rdacontent
_atext
337 _2rdamedia
_aunmediated
338 _2rdacarrier
_avolume
490 1 _aSiri belajar matematik ITNM
650 1 0 _aDivision - Juvenile literature.
830 0 _aSiri belajar matematik ITNM
942 _ddc
_cB
999 _c114423
_d114423